000 00623nam a2200217Ia 4500
003 OSt
005 20240404124806.0
008 210210b1938 xxu||||| |||| 00| 0 eng d
040 _cAL
041 _aKannada
082 _a858/151
100 _aRAMAYYA (D R)
_dರಾಮಯ್ಯ (ಡಿ ಆರ್)
_9158512
245 _aSir jagadIshachandra bhosaru
_bಸರ್ ಜಗದೀಶ್ಚಂದ್ರ ಬೋಸರು
260 _aBengaluru
_b-
_c1938
650 _aSir
_9158513
650 _ajagadIshachandra
_9158514
650 _abhOsaru
_9158515
690 _aBiography
_9158516
906 _a020694
942 _2ddc
_cBK
999 _c144848
_d144848